| 000 | 00334nam a2200121Ia 4500 | ||
|---|---|---|---|
| 008 | 210430s9999 xx 000 0 und d | ||
| 082 | _a621.312429 F953 F | ||
| 100 |
_aGregor Hoogers _952879 |
||
| 245 |
_aFuel Cell Technology Handbook _cGregor Hoogers |
||
| 260 |
_aBoca Raton _bCRC Press _c2003 |
||
| 300 | _a330p. | ||
| 942 |
_cBK _2ddc |
||
| 999 |
_c562375 _d562375 |
||